00711nam a2200217 i 450000100060000000300080000600500170001400800410003103500190007204000320009104100080012308200350013110000510016624500960021726000370031330000300035050400410038065000270042165000230044870000220047134762BD-RjUL20211209052216.0140519s1976 ii b 000 0 eng d a(BD-RjUL)34856 aDLCcDLCdDLCdBD-RjULbeng aeng00a346.540160882945219bVIM 19761 aBidyāsāgara, Īśvaracandra,d1820-1891.10aMarriage of Hindu widows /cIsvarachandra Vidyasagara ; with an introd. by Arabinda Podder. aCalcutta :bK. P. Bagchi,c1976. axvi, ii, 144 p. ;c23 cm. aIncludes bibliographical references. 0aRemarriage (Hindu law) 0aWidows (Hindu law)1 a Podder, Arabinda